Statistics for Beating Heart by Ellie Goulding lyrics

Click here to take the quiz!

General Stats

  • This quiz has been taken 77 times
  • The average score is 200 of 237

Answer Stats

Answer% Correct
Hear
100%
Heart
100%
Be
98%
Beating
98%
A
97%
To
97%
You
97%
I
95%
The
95%
Tonight
94%
Your
94%
Time
92%
And
90%
But
89%
Of
89%
One
89%
Sun
89%
In
87%
Last
87%
We
87%
Before
85%
Come
85%
Know
85%
Me
85%
My
85%
Want
85%
Where
85%
Comes
84%
Going
84%
I'm
84%
Is
84%
Make
84%
What
84%
With
84%
Alive
82%
Best
82%
Bleeding
82%
Don't
82%
I'll
82%
Long
82%
Wanna
82%
Bitter
81%
Cheeks
81%
Finally
81%
Gonna
81%
It's
81%
Left
81%
Lips
81%
Morning
81%
Their
81%
Sunlight
79%
Wounded
79%
Disbelief
77%
Leave
77%
Tight
77%
Hold
76%
Leaving
76%
Lounge
76%
Salted
76%
At
74%
Departure
74%
Eyes
74%
Like
74%
Meet
74%
White
74%
Dark
73%
Daylight
73%
Evergreen
73%
For
73%
Peace
73%
Step
73%
Wine
73%
Leaves
71%
Sky
71%
Autumn
69%
Behind
69%
Canyon
69%
Faded
69%
Fell
69%
Looked
69%
Trees
69%
Can't
68%
Just
68%
Underneath
68%
By
66%
Difficulty
66%
Never
66%
Collide
65%
Hoping
65%
Side
65%
Changed
63%
Everything
63%
Has
63%
Now
61%
Face
60%
This
56%
Here's
48%

Score Distribution

Percentile by Number Answered

Percent of People with Each Score

Your Score History

You have not taken this quiz